Регионална библиотека "Любен Каравелов" - Русе

Обща хистология и ембриология (Запис номер 57248)

MARC детайли
000 -Лидер
Контролно поле с фиксирана дължина nam a22 a 4500
003 - Код на организацията, давaща контролен номер
Контролно поле BLK
005 - Дата и час на последна редакция
Контролно поле 20230228164921.0
008 - Елементи от данни с фиксирана дължина
fixed length control field 180408b bul|||||r ||||||| ||bul||
010 ## - Наследен системен номер
LC control number KNG00061243000
040 ## - Източник на каталожния запис
Идентификатор на билиотеката - собственик на записа BLK
041 ## - Код за език
Код за езика на текст/звукозапис или на отделно заглавие Български
Код за езика КДБФ Български
080 ## - УДК
Текстов определител УДК Хистология на човека - Микроскопски строеж на отделните тъкани : съединителна, хрущална и костна тъкан, кръв, мускулна, епителна и нервна тъкан. Вж и 576. 3 ; 616-091. 8
УДК код - определител по УДК 611-018
УДК определител (075.8)
УДК - код + определител 611-018(075.8)
080 ## - УДК
Текстов определител УДК Ембриология - Полови клетки - развитие, оплождане. Експериментална ембриология. Вж и 612. 6
УДК код - определител по УДК 611-013
УДК определител (075.8)
УДК - код + определител 611-013(075.8)
100 1# - Редна дума - Автор
Автор Петков, Петко Емануилов
Авторска отговорност първи автор
R(LIN) 366683
139 ## - Редно поле
Редна дума Обща хистология и ембриология
Авторски знак Общ - О 25
245 10 - Сведения за заглавието
Заглавие Обща хистология и ембриология
Подзаглавни данни Учебник за студенти по медицина и стоматология
Редно поле (дума) Петко Емануилов Петков; ред. Петко Петков.
257 ## - Страна на издаване
Страна на създаване/издаване България
260 ## - Област на издателските данни
Място на издаване, разпространение и проч. София
Име на издателя, разпространителя и проч. Медицина и физкултура
Година на издаване 1992
Печатница Пловдив : Полиграфия
300 ## - Физическа характеристика
Страници 216 с.
Илюстрации и др. с ил., 32 л. ил.
Размери/Мащаб 25 см
380 ## - Жанр
Жанр Медицина
500 ## - Общи забележки
Забележка Съдържа Предметен показалец.
650 #4 - Допълнително описание по предмет – тема
Основно описание – тема или топоним Хистология - учебници за ВУЗ
9 (RLIN) 242738
650 #4 - Допълнително описание по предмет – тема
Основно описание – тема или топоним Ембриология - учебници за ВУЗ
9 (RLIN) 242735
653 ## - Ключова дума – ненормативна
Ключова дума хистология
653 ## - Ключова дума – ненормативна
Ключова дума ембриология
653 ## - Ключова дума – ненормативна
Ключова дума учебници за ВУЗ
700 1# - Други автори (авторска отговорност)
Лично име Петков, Петко
Автороска отговорност (Описва отношението между автора и произведението) ред.
9 (RLIN) 363350
852 ## - Местоположение
Форматна сигнатура Цб 169441
Фондова буква Хранилище
856 4# - Електронен адрес и достъп
Електронен формат pdf - файл
Инструкция (цена за достъп) 0.00
Права за достъп disable
856 4# - Електронен адрес и достъп
Електронен формат pdf - файл
Инструкция (цена за достъп) 0.00
Права за достъп disable
999 ## - СИСТЕМНИ КОНТРОЛНИ НОМЕРА
Koha biblionumber 57248
Koha biblioitemnumber 57248
942 ## - АРТИКУЛИ
Вид на библиотечния материал Книги
Скрит в OPAC Не
Koha issues (borrowed), all copies 1
Периодичен библиозапис Да
944 ## - СЪЗДАВАНЕ И РЕДАКЦИЯ на ЗАПИСА
Създаване/Редакция Създаване
Дата на регистрацията/редакция 13.06.2004
Служител, извършил регистрацията/редакцията Читалня
944 ## - СЪЗДАВАНЕ И РЕДАКЦИЯ на ЗАПИСА
Създаване/Редакция Редакция
Дата на регистрацията/редакция 01.09.2015
Служител, извършил регистрацията/редакцията Милена_Ачева
999 ## - СИСТЕМНИ КОНТРОЛНИ НОМЕРА
Koha biblioitemnumber 57248
999 ## - СИСТЕМНИ КОНТРОЛНИ НОМЕРА
Koha biblioitemnumber 57248
Наличности
Код за отписване Код за изгубен артикул Източник на класификационната схема Код за повреда Коз за рестрикции Код за отдаване Артикулен № Име на библиотеката - собственик Име на библиотеката, в която се намира в момента Статус (Текущо местоположение) Дата на вписване в системата Местоположение - отдел Цена в лева Инвентарен номер Систематично азбучна сигнатура Баркод Номер на екземпляра Цена в евро Служебна бележка Служебен тип на артикула
  Не е изгубен Universal Decimal Classification Не е повреден без рестрикции ползва се в читалня 92386 Регионална библиотека "Любен Каравелов" Русе Регионална библиотека "Любен Каравелов" Русе Читалня 1992-01-01 Читалня 1.82 578334 Ч 611/О 25 120000578334 1 0.93 N: стар фонд Дата: 01.01.1992 Дата инв: 17.03.2017 Бележки инв: Ч2017 Книги
  Не е изгубен Universal Decimal Classification Не е повреден без рестрикции ползва се в читалня 92387 Регионална библиотека "Любен Каравелов" Русе Регионална библиотека "Любен Каравелов" Русе Хранилище 1992-01-01 Хранилище 51.90 570074 Цб 169441 120000570074 2 26.54 Дост: Dp Вид: Д N: стар фонд Дата: 01.01.1992 Книги
Изтеглен Не е изгубен Universal Decimal Classification Не е повреден без рестрикции заемане за дома 92388 Регионална библиотека "Любен Каравелов" Русе Регионална библиотека "Любен Каравелов" Русе Заемна - подръчен фонд 1992-01-01 Заемна - подръчен фонд 3.63 578333 П 611-01/О 25 578333 3 1.86 Вид: Сф N: стар фонд Дата: 01.01.1992 Дата инв: 16.02.2018 Бележки инв: П2018 Книги
Vip Innovations Ltd, Rousse, Bulgaria 2025